Countries With The Most Coptic Diaspora - Statistics

General Stats
  • This quiz has been taken 176 times
  • The average score is 6 of 10
Answer Stats
Number Of Coptic Diaspora Country % Correct
200,000 United States
100%
30,000 Canada
92%
27,500 United Kingdom
92%
32,000 Australia
75%
30,000 Italy
67%
3,500 Lebanon
45%
10,000 United Arab Emirates
45%
8,000 Jordan
36%
65,000 Kuwait
28%
8,000 Kenya
13%
No matching quizzes found
Score Distribution
Percent of People with Each Score
Percentile by Number Answered
Your Score History
You have not taken this quiz